| 000 | 01038nac a22002771u 4500 | ||
|---|---|---|---|
| 010 | _a 86033431 | ||
| 020 | _a0521335221 : | ||
| 020 | _a052137992* : | ||
| 082 | 0 | 0 |
_a333.72 _bNIC |
| 090 |
_c8507 _d8507 |
||
| 100 | _aNicholson, Max. | ||
| 245 | 1 | 4 |
_aThe new environmental age / _cMax Nicholson. |
| 260 |
_aCambridge [Cambridgeshire] ; _aNew York : _bCambridge University Press,1987. _c1987. |
||
| 300 |
_axvii, 232 p. : _bill. ; _c24 cm. |
||
| 500 | _aDistributer: Al-Ahram | ||
| 504 | _aIncludes bibliographical references and index. | ||
| 511 | _aCatalogued by: Sara | ||
| 650 | 0 | _aNature conservation. | |
| 650 | 0 |
_aNature conservation _xHistory. |
|
| 650 | 0 | _aEnvironmental protection. | |
| 650 | 0 |
_aEnvironmental protection _xHistory. |
|
| 650 | 0 | _aEnvironmentalism | |
| 856 | 4 | 2 |
_3Publisher description _uhttp://www.loc.gov/catdir/description/cam041/86033431.html |
| 856 | 4 | 2 |
_3Table of contents _uhttp://www.loc.gov/catdir/toc/cam041/86033431.html |
| 942 |
_cBB _k333.72NIC |
||
| 999 |
_c8507 _d8507 |
||